| 000 | 00711nam a2200229 4500 | ||
|---|---|---|---|
| 001 | 32554 | ||
| 003 | AR-RoBPED | ||
| 005 | 20260413090543.0 | ||
| 008 | 260410s1971 es |||er|||| 000 1 spa d | ||
| 040 | _aAR-RoBPED | ||
| 041 | _aspa | ||
| 100 | 1 |
_aValera, Juan _d1824-1905 _96997 |
|
| 245 | 1 |
_aJuanita la larga / _cJuan Valera; prólogo de Paulino Garagorri. |
|
| 260 |
_aEspaña: _bSalvat, _c1971. |
||
| 300 | _a185 p. | ||
| 490 | 0 |
_a(Biblioteca Basica Salvat; _vN° 76) |
|
| 650 | 4 |
_aLITERATURA ESPAÑOLA _9687 |
|
| 650 | 4 |
_aNOVELAS _925 |
|
| 700 |
_aGaragorri, Paulino _d1916-2007 _930711 _eprol. |
||
| 942 |
_2udc _ak. 32554 _cBK _h860-31 _mV 19 _ninv. 42373 |
||
| 945 | _amm 10/04/2026 - cd 13/04/2026 | ||
| 999 |
_c32554 _d32554 |
||